000 00618nam a2200229Ia 4500
003 OSt
005 20220923230051.0
006 a|||||r|||| 00| 0
007 ta
008 Pun
024 _a277,116
037 _cTextual
040 _aARTS
_cARTS
_bPun
041 _2Pun
_aPun
082 _aO153,3N09,TW, K3
100 _aਸੀਤਲ, ਮੋਹਣ ਸਿੰਘ
245 0 _aਤੂਤਾਂ ਵਾਲਾ ਖੂਹ
260 _c1963
650 _aਪੰਜਾਬੀ ਸਾਹਿਤ
942 _hO153,3N09,TW, K3
_cTEXL
_2CC
999 _c382240
_d382240